[Event "ICS Rated standard match"]
[Site "207.99.83.229"]
[Date "1999.07.10"]
[Round "?"]
[White "Themaster69"]
[Black "Hossa"]
[Result "1-0"]
[WhiteElo "2345"]
[BlackElo "2244"]
[PlyCount "62"]

1. e4 c5 2. Nf3 e6 3. d4 cxd4 4. Nxd4 Nc6 5. Nc3 Qc7 6. Be2 a6 7. O-O Nf6 8.
Be3 Bb4 9. Na4 O-O 10. Nxc6 bxc6 11. Nb6 Rb8 12. Nxc8 Rfxc8 13. Bxa6 Rf8 14.
Bd3 Bd6 15. f4 e5 16. f5 Rxb2 17. g4 h5 18. gxh5 Qa5 19. h6 Bc5 20. Bxc5 Qxc5+
21. Kh1 Qe3 22. hxg7 Kxg7 23. Rg1+ Kh8 24. Rg3 Qh6 25. Qf3 Nh7 26. Rag1 Qf4 27.
Qh5 Qxg3 28. Rxg3 Rg8 29. Qxf7 Rxg3 30. hxg3 Rb8 31. f6 31... Rg8 {
Hossa resigns} 1-0

[Event "ICS rated standard match"]
[Site "207.99.83.229"]
[Date "1999.07.10"]
[Round "?"]
[White "fishless"]
[Black "Hossa"]
[Result "1-0"]
[WhiteElo "1990"]
[BlackElo "2233"]
[PlyCount "152"]

1. e4 c5 2. c3 Nf6 3. e5 Nd5 4. d4 e6 5. c4 Nb6 6. Nf3 cxd4 7. Bg5 Bb4+ 8. Nbd2
Qc7 9. a3 Bxd2+ 10. Qxd2 Nc6 11. c5 Nd5 12. Be2 h6 13. Bh4 d3 14. Bxd3 Nxe5 15.
Be4 O-O 16. Rd1 Nxf3+ 17. Bxf3 Qxc5 18. O-O Qc4 19. Bg3 Re8 20. Rfe1 Nb6 21.
Bd6 Qa6 22. b3 Qb5 23. Qc2 Qg5 24. Be4 Kh8 25. f4 Qh4 26. g3 Qh3 27. Bf3 Rd8
28. Re5 f5 29. Ree1 Rg8 30. Qc3 h5 31. Rd2 h4 32. Bg2 Qg4 33. Rc1 Qh5 34. a4
hxg3 35. hxg3 Qg6 36. a5 Re8 37. axb6 axb6 38. b4 Kg8 39. Qe3 Kf7 40. Qc3 Kg8
41. Qe3 Kf7 42. Qd3 Rh8 43. Be5 Kg8 44. Rdc2 Kh7 45. b5 Qf7 46. g4 Re8 47. Bd6
Kg8 48. g5 Qh5 49. Qe3 Kf7 50. Qxb6 Qh4 51. Qf2 Qg4 52. Rc7 Rd8 53. Qc2 Qh4 54.
Qc3 Ra2 55. Rc2 Rxc2 56. Qxc2 Qe1+ 57. Bf1 Qe3+ 58. Qf2 Qb3 59. Qd2 Rh8 60. Be5
Kg6 61. Rc3 Qb4 62. Qc1 Qf8 63. Rc7 Qg8 64. Bg2 Qf8 65. b6 Qd8 66. Qc3 Qf8 67.
Kf2 Rg8 68. Bxb7 Bxb7 69. Rxb7 Qe7 70. Ra7 Qd8 71. b7 Qb6+ 72. Qe3 Qc6 73. b8=Q
Rxb8 74. Bxb8 Qc2+ 75. Qe2 Qc5+ 76. Kg2 76... Qd4 {Hossa resigns} 1-0

[Event "ICS rated blitz match"]
[Site "207.99.83.229"]
[Date "1999.07.10"]
[Round "?"]
[White "Hossa"]
[Black "croman"]
[Result "1-0"]
[WhiteElo "2381"]
[BlackElo "2074"]
[PlyCount "102"]

1. e4 c5 2. c3 d6 3. Nf3 Nf6 4. Bb5+ Nbd7 5. d3 g6 6. Bg5 Bg7 7. O-O O-O 8.
Nbd2 Qc7 9. Qe2 a6 10. Ba4 b5 11. Bc2 e5 12. Rae1 Nb6 13. b3 Bg4 14. Qe3 Nh5
15. Bh6 Rae8 16. Bxg7 Kxg7 17. Qg5 Bc8 18. a4 Nf4 19. Qh4 Qe7 20. Qxe7 Rxe7 21.
c4 b4 22. a5 Nd7 23. Ng5 h6 24. Ngf3 Nb8 25. Ra1 Nc6 26. Bb1 Be6 27. Ra2 Nd4
28. Nxd4 exd4 29. Bc2 f5 30. f3 Ne2+ 31. Kh1 f4 32. Raa1 Kf6 33. e5+ dxe5 34.
Ne4+ Kg7 35. Nxc5 Bc8 36. Ra4 Nc3 37. Rxb4 g5 38. Rb6 g4 39. fxg4 Bxg4 40. Rxa6
Rf6 41. Rxf6 Kxf6 42. b4 Bc8 43. Rf2 Rg7 44. Kg1 h5 45. b5 h4 46. a6 h3 47. b6
hxg2 48. b7 Bxb7 49. axb7 Rg8 50. Rxg2 Ne2+ 51. Kf2 51... Rb8 {croman resigns}
1-0

[Event "ICS rated blitz match"]
[Site "207.99.83.229"]
[Date "1999.07.10"]
[Round "?"]
[White "croman"]
[Black "Hossa"]
[Result "0-1"]
[WhiteElo "2069"]
[BlackElo "2386"]
[PlyCount "75"]

1. c4 c6 2. d4 d5 3. cxd5 cxd5 4. Bf4 Nc6 5. e3 Nf6 6. Nc3 Bd7 7. Bd3 Rc8 8.
Nf3 Nh5 9. Bg3 Nxg3 10. hxg3 Qb6 11. Qd2 Nb4 12. Bb1 f5 13. a3 Nc6 14. Bd3 e6
15. Ke2 Be7 16. Rh2 O-O 17. Rah1 h6 18. Nh4 Qb3 19. Ng6 Rf6 20. Nxe7+ Nxe7 21.
f4 Rg6 22. Kf3 Rg4 23. Qc2 Qb6 24. Rh4 Rg6 25. g4 Rxg4 26. Rxg4 fxg4+ 27. Kxg4
e5+ 28. Kg3 exd4 29. exd4 Qxd4 30. Re1 Qf6 31. Qe2 Ng6 32. Bxg6 Qxg6+ 33. Kh2
Re8 34. Qd2 Rxe1 35. Qxe1 d4 36. Nd5 Qh5+ 37. Kg3 Qxd5 38. Qe5 {croman resigns}
0-1

[Event "ICS Rated standard match"]
[Site "207.99.83.229"]
[Date "1999.07.11"]
[Round "?"]
[White "Hossa"]
[Black "SPIKE-1"]
[Result "0-1"]
[WhiteElo "2207"]
[BlackElo "2329"]
[PlyCount "81"]

1. e4 e5 2. Nf3 Nc6 3. Bb5 a6 4. Ba4 Nf6 5. O-O Be7 6. Re1 b5 7. Bb3 d6 8. c3
O-O 9. h3 Bb7 10. d4 Re8 11. Nbd2 Bf8 12. Ng5 Re7 13. d5 Na5 14. Bc2 c6 15.
dxc6 Nxc6 16. Re3 h6 17. Ngf3 Rd7 18. Re2 Qc7 19. Qe1 Rad8 20. c4 Na5 21. b3
bxc4 22. bxc4 Nxc4 23. Bb3 Na5 24. Bd1 d5 25. exd5 Rxd5 26. Ba4 Bb4 27. Rb1 Rc5
28. a3 Bc3 29. Qf1 e4 30. Ne1 e3 31. fxe3 Nh5 32. Nb3 Ng3 33. Nxc5 Nxf1 34.
Nxb7 Ng3 35. Nxd8 Nxe2+ 36. Kf2 Nxc1 37. Rxc1 Bxe1+ 38. Rxe1 Qxd8 39. Bd1 Qd2+
40. Be2 Nc4 41. Rd1 {Hossa resigns} 0-1

[Event "ICS rated blitz match"]
[Site "207.99.83.229"]
[Date "1999.07.11"]
[Round "?"]
[White "brutus"]
[Black "Hossa"]
[Result "0-1"]
[WhiteElo "2126"]
[BlackElo "2396"]
[PlyCount "40"]

1. e4 e5 2. Nf3 Nc6 3. Bb5 a6 4. Ba4 Nf6 5. Qe2 b5 6. Bb3 Bc5 7. c3 O-O 8. d3
Bb7 9. Bg5 b4 10. Nbd2 bxc3 11. bxc3 Rb8 12. Nf1 Re8 13. Ng3 Na5 14. Bc2 h6 15.
Be3 Bxe3 16. fxe3 d5 17. exd5 Qxd5 18. O-O e4 19. Nd4 exd3 20. Bxd3 20... Rxe3
{brutus resigns} 0-1

[Event "ICS rated bullet match"]
[Site "207.99.83.229"]
[Date "1999.07.11"]
[Round "?"]
[White "Hossa"]
[Black "lhg"]
[Result "1-0"]
[WhiteElo "2361"]
[BlackElo "2324"]
[PlyCount "53"]

1. e4 e5 2. Nf3 Nc6 3. Bb5 a6 4. Ba4 d6 5. d4 b5 6. d5 Nce7 7. Bb3 Ng6 8. O-O
f5 9. Nc3 Nf6 10. exf5 Bxf5 11. Ng5 h6 12. Ne6 Bxe6 13. dxe6 Be7 14. Qd3 Nf8
15. f4 Qc8 16. fxe5 dxe5 17. Qf5 g6 18. Qxe5 N8h7 19. Nd5 Qd8 20. Nxc7+ Kf8 21.
Bxh6+ Kg8 22. Nxa8 Qb8 23. Qxb8+ Nf8 24. Rxf6 Kh7 25. Bxf8 Bxf6 26. Qc7+ Kg8
27. Qf7# {lhg checkmated} 1-0

[Event "ICS rated standard match"]
[Site "207.99.83.229"]
[Date "1999.07.11"]
[Round "?"]
[White "robbok1"]
[Black "Hossa"]
[Result "1-0"]
[WhiteElo "2431"]
[BlackElo "2196"]
[PlyCount "80"]

1. e4 e5 2. Nf3 Nc6 3. d4 exd4 4. Nxd4 Nf6 5. Nxc6 bxc6 6. e5 Qe7 7. Qe2 Nd5 8.
c4 Ba6 9. b3 O-O-O 10. g3 f6 11. Bb2 fxe5 12. Nd2 Kb7 13. Bg2 Re8 14. O-O-O Qb4
15. a3 Qa5 16. b4 Bxb4 17. axb4 Qxb4 18. Qg4 d6 19. Qe4 Ne7 20. Rhe1 h5 21. f4
exf4 22. Qxf4 Rhf8 23. Qg5 Rf7 24. Qxh5 Bxc4 25. Qg4 Rf2 26. Bf3 d5 27. Re2
Rxf3 28. Nxf3 Qb6 29. Ree1 Bb3 30. Rd3 d4 31. Nxd4 Bf7 32. Rde3 Qb4 33. Qd7
Qc5+ 34. Kd1 Bh5+ 35. g4 Qd6 36. Qxd6 Bxg4+ 37. Kd2 cxd6 38. Rxe7+ Rxe7 39.
Rxe7+ Kb6 40. Rxg7 40... Bh5 {Hossa resigns} 1-0

[Event "ICS Rated standard match"]
[Site "207.99.83.229"]
[Date "1999.07.11"]
[Round "?"]
[White "Hossa"]
[Black "robbok1"]
[Result "0-1"]
[WhiteElo "2189"]
[BlackElo "2438"]
[PlyCount "91"]

1. e4 c5 2. c3 Nf6 3. e5 Nd5 4. d4 cxd4 5. Nf3 Nc6 6. cxd4 d6 7. Bc4 dxe5 8.
Nxe5 e6 9. O-O Be7 10. Nxc6 bxc6 11. Bd3 Qb6 12. Qg4 Bf6 13. Nd2 Qxd4 14. Be4
Ba6 15. Re1 O-O 16. Qh5 g6 17. Qf3 Bg7 18. Nb3 Qb6 19. Rd1 Rab8 20. Qh3 Be2 21.
Rd2 Ba6 22. Qg3 Qb4 23. Bf3 Rfd8 24. Rd1 f5 25. Bg5 f4 26. Qh4 Rd6 27. Rab1 e5
28. Bh6 Bxh6 29. Qxh6 Bc4 30. Ra1 e4 31. Bg4 e3 32. fxe3 fxe3 33. Bf3 e2 34.
Re1 Qb6+ 35. Kh1 Re8 36. Rac1 Bxb3 37. axb3 Rde6 38. Qd2 Qe3 39. Qxe3 Rxe3 40.
Rc2 Nf4 41. Bxc6 Nd3 42. Bxe8 Nxe1 43. Rxe2 Rxe2 44. Bc6 Nxg2 45. b4 Ne3 46. h3
{Hossa resigns} 0-1

[Event "ICS rated standard match"]
[Site "207.99.83.229"]
[Date "1999.07.11"]
[Round "?"]
[White "Falke"]
[Black "Hossa"]
[Result "1-0"]
[WhiteElo "1911"]
[BlackElo "2183"]
[PlyCount "102"]

1. d4 Nf6 2. c4 e6 3. Nc3 d5 4. Bg5 Be7 5. e3 O-O 6. Nf3 Ne4 7. Bxe7 Qxe7 8.
Qc2 Nxc3 9. Qxc3 Nd7 10. cxd5 Nf6 11. dxe6 Bxe6 12. Bc4 Ne4 13. Qb3 c6 14. Bxe6
fxe6 15. Rd1 Rf5 16. O-O Raf8 17. Qc2 Nd6 18. Rc1 Rxf3 19. gxf3 Qg5+ 20. Kh1
Qh5 21. Qe2 Ne4 22. Rg1 Rxf3 23. Rg2 Qf5 24. Kg1 Ng5 25. Kf1 Qh3 26. Qe1 Qf5
27. Qe2 Qh3 28. Rc2 Ne4 29. Qd3 Qf5 30. Qb3 Qf7 31. Qa3 a6 32. Qa5 Qd7 33. Qe5
Nd6 34. e4 Nb5 35. Rc4 Rf8 36. a4 Nd6 37. Rc3 g6 38. Rgg3 Nf7 39. Qc5 Rd8 40.
Rcd3 Qc7 41. Rdf3 Re8 42. h4 b6 43. Qc1 Nd6 44. Qf4 c5 45. h5 Qe7 46. hxg6 h5
47. dxc5 bxc5 48. Qe5 Nxe4 49. Qxe4 h4 50. Rg4 Qd8 51. Rxh4 51... Qg5 {
Hossa resigns} 1-0

[Event "ICS Rated standard match"]
[Site "207.99.83.229"]
[Date "1999.07.11"]
[Round "?"]
[White "Hossa"]
[Black "Falke"]
[Result "0-1"]
[WhiteElo "2178"]
[BlackElo "2043"]
[PlyCount "121"]

1. e4 e5 2. Nf3 Nf6 3. Nxe5 d6 4. Nf3 Nxe4 5. d3 Nf6 6. d4 d5 7. Bb5+ c6 8. Bd3
Bd6 9. O-O O-O 10. Re1 Bg4 11. Bg5 Nbd7 12. Nbd2 Qc7 13. h3 Bh5 14. c3 Rae8 15.
Qb3 Bg6 16. Bxg6 hxg6 17. c4 b6 18. Rac1 a5 19. cxd5 Rxe1+ 20. Rxe1 Nxd5 21.
Nc4 Ra8 22. Nxd6 Qxd6 23. Bh4 Qb4 24. Qc2 Rc8 25. a3 Qd6 26. Bg3 Qf6 27. Qe2
Nf8 28. Qa6 Qd8 29. Bh4 f6 30. Nd2 Rc7 31. Qc4 b5 32. Qc2 Re7 33. Rxe7 Nxe7 34.
Nf3 Ne6 35. Qe4 Qd5 36. Qe1 Nf5 37. Qxa5 Nexd4 38. Nxd4 Qxd4 39. Qa8+ Kh7 40.
Qxc6 Qd1+ 41. Kh2 Nxh4 42. Qxb5 Qe1 43. Qc4 Qxf2 44. Qg4 Nf5 45. Qf3 Qxb2 46.
a4 Qe5+ 47. g3 Qb2+ 48. Qg2 Qa3 49. g4 Nh4 50. Qg3 Qa2+ 51. Kg1 Qb1+ 52. Kf2 g5
53. a5 Qa2+ 54. Kf1 Qxa5 55. Qb3 Qd2 56. Qg3 Kh6 57. Qg1 Qd3+ 58. Kf2 Qxh3 59.
Qg3 Qxg3+ 60. Kxg3 g6 61. Kh3 {Hossa resigns} 0-1

[Event "ICS rated standard match"]
[Site "207.99.83.229"]
[Date "1999.07.11"]
[Round "?"]
[White "CCCC"]
[Black "Hossa"]
[Result "0-1"]
[WhiteElo "1829"]
[BlackElo "2173"]
[PlyCount "62"]

1. f4 Nf6 2. d4 e6 3. Nc3 Bb4 4. Bd2 Nc6 5. a3 Bxc3 6. Bxc3 Nd5 7. g3 Nxc3 8.
bxc3 O-O 9. Nf3 b6 10. e4 d5 11. e5 a5 12. Bd3 f6 13. O-O Qe8 14. c4 dxc4 15.
Bxc4 fxe5 16. Nxe5 Ba6 17. Qd3 Bxc4 18. Qxc4 Nxe5 19. fxe5 Qe7 20. Qd3 Rad8 21.
c3 Rxf1+ 22. Rxf1 Qxa3 23. g4 Qe7 24. Kg2 c5 25. Rf3 cxd4 26. cxd4 Qb4 27. Rh3
g6 28. Qe3 Rxd4 29. Qh6 Rd2+ 30. Kg3 Rd3+ 31. Kh4 31... Qe7+ {CCCC resigns} 0-1

[Event "ICS rated standard match"]
[Site "207.99.83.229"]
[Date "1999.07.11"]
[Round "?"]
[White "Hossa"]
[Black "CCCC"]
[Result "1-0"]
[WhiteElo "2177"]
[BlackElo "1825"]
[PlyCount "74"]

1. e4 e5 2. Nf3 d6 3. Bc4 Bg4 4. O-O Qf6 5. Be2 h5 6. Nc3 c6 7. h3 Be6 8. d4
exd4 9. Nxd4 g6 10. Nf3 Nd7 11. Bg5 Qg7 12. Nd4 Ngf6 13. f4 O-O-O 14. e5 dxe5
15. fxe5 Nd5 16. Nxd5 Bxd5 17. Bxd8 Qxe5 18. Bh4 Bd6 19. Bf3 g5 20. Bxd5 gxh4
21. Bf3 Qh2+ 22. Kf2 Bg3+ 23. Ke2 Re8+ 24. Kd3 Nc5+ 25. Kc4 Bd6 26. Nxc6 Qf4+
27. Nd4 b5+ 28. Kxb5 a6+ 29. Kc4 Kc7 30. Bc6 Qe5 31. Rf5 Qe3 32. Bxe8 Qxe8 33.
Rxc5+ Bxc5 34. Kxc5 Qe5+ 35. Kc4 Kb6 36. Qf3 Qc5+ 37. Kd3 37... a5 {
CCCC resigns} 1-0

[Event "ICS Rated standard match"]
[Site "207.99.83.229"]
[Date "1999.07.11"]
[Round "?"]
[White "Themaster69"]
[Black "Hossa"]
[Result "1-0"]
[WhiteElo "2342"]
[BlackElo "2181"]
[PlyCount "69"]

1. e4 e5 2. Nf3 Nc6 3. Bb5 a6 4. Ba4 Nf6 5. O-O Be7 6. Re1 b5 7. Bb3 d6 8. c3
O-O 9. h3 Bb7 10. d4 Re8 11. Nbd2 Bf8 12. a4 exd4 13. cxd4 Na5 14. Bc2 Nc6 15.
axb5 axb5 16. Rxa8 Qxa8 17. Bd3 Qa7 18. Bxb5 Qb6 19. Ba4 Ra8 20. e5 dxe5 21.
dxe5 Nd5 22. e6 Nd8 23. Nc4 Qa6 24. exf7+ Nxf7 25. Bb3 c6 26. Nfe5 Nxe5 27.
Nxe5 Qa5 28. Bd2 Qb5 29. Qf3 Kh8 30. Nf7+ Kg8 31. Nh6+ gxh6 32. Qg4+ Kf7 33.
Qe6+ Kg7 34. Bc3+ Nf6 35. Qxf6# {Hossa checkmated} 1-0

[Event "ICS Rated standard match"]
[Site "207.99.83.229"]
[Date "1999.07.11"]
[Round "?"]
[White "SingleKnight"]
[Black "Hossa"]
[Result "1-0"]
[WhiteElo "2041"]
[BlackElo "2180"]
[PlyCount "118"]

1. e4 e5 2. c3 d5 3. d3 dxe4 4. dxe4 Qxd1+ 5. Kxd1 Nf6 6. f3 Bd6 7. Nd2 Nc6 8.
Kc2 O-O 9. Nc4 Rd8 10. Be3 Be7 11. a4 Be6 12. b4 a6 13. Rb1 b5 14. Nb2 bxa4 15.
Nxa4 a5 16. b5 Na7 17. Nc5 Bxc5 18. Bxc5 Nc8 19. Nh3 a4 20. c4 Nb6 21. Kc3 a3
22. Bxb6 cxb6 23. Ng5 Bc8 24. Be2 a2 25. Ra1 h6 26. Nh3 Ra3+ 27. Kb4 Ra7 28.
Rhd1 Bd7 29. Rd2 Rda8 30. Bd1 Nh5 31. g4 Nf6 32. Bb3 h5 33. Nf2 hxg4 34. fxg4
Nxg4 35. Nxg4 Bxg4 36. Rdxa2 Rxa2 37. Rxa2 Rd8 38. Kc3 Kf8 39. Ra7 Rd7 40. Rxd7
Bxd7 41. Kb4 f5 42. exf5 Bxf5 43. c5 bxc5+ 44. Kxc5 Ke7 45. Bd5 Bc8 46. Kc6
Bd7+ 47. Kc5 Bc8 48. b6 Kd7 49. Bc6+ Ke6 50. h4 Ba6 51. h5 Bc8 52. Bg2 Kf6 53.
Kc6 Ba6 54. Kc7 Kf7 55. Bf1 Bxf1 56. b7 Be2 57. b8=Q Bxh5 58. Kd6 e4 59. Qb3+
59... Kg6 {Hossa resigns} 1-0

[Event "ICS rated blitz match"]
[Site "207.99.83.229"]
[Date "1999.07.11"]
[Round "?"]
[White "Hossa"]
[Black "nluis"]
[Result "0-1"]
[WhiteElo "2411"]
[BlackElo "2480"]
[PlyCount "143"]

1. e4 c5 2. Nf3 Nc6 3. Bb5 e6 4. Bxc6 bxc6 5. O-O d5 6. Nc3 Bd6 7. e5 Bc7 8. d3
Ba6 9. Na4 Qe7 10. Be3 d4 11. Bd2 Bb5 12. c4 dxc3 13. Nxc3 Bxd3 14. Re1 Qd7 15.
Qa4 Ne7 16. Bg5 Nd5 17. Ne4 Bxe4 18. Rxe4 O-O 19. Rd1 Rfb8 20. Qa3 h6 21. Bh4
Rb5 22. b3 Rab8 23. Rc4 Ra5 24. Qb2 Qc8 25. Qe2 Qa6 26. Rd2 Rb4 27. Rc1 Qxe2
28. Rxe2 g5 29. Bg3 c4 30. bxc4 Rc5 31. Re4 Rb2 32. Ne1 Rd2 33. a3 Ba5 34. Nf3
Ra2 35. Rg4 Nc3 36. Kh1 Rxa3 37. h4 Bc7 38. Re1 Ra4 39. hxg5 h5 40. Rh4 Rcxc4
41. Rxh5 a5 42. Rh6 Kg7 43. Kh2 Ra2 44. Rc1 a4 45. Ne1 a3 46. Rf6 Bd8 47. Rf3
Ba5 48. Rf6 Ra4 49. g6 Nd5 50. Rxf7+ Kxg6 51. Ra7 Re2 52. Ra1 a2 53. Nd3 Rc2
54. f3 c5 55. Ra6 Kf5 56. Ra8 c4 57. Nc5 Bc3 58. Rxa4 Bxa1 59. Ne4 Bxe5 60.
Bxe5 Kxe5 61. Ra5 Kd4 62. Kh3 c3 63. Nc5 e5 64. Ne6+ Ke3 65. Ra4 Rb2 66. Ra3
Kd2 67. Nc5 c2 68. Kh2 Nc3 69. Nd7 c1=Q 70. Nxe5 Ke2 71. Kh3 Qh6+ 72. Kg3 {
Hossa resigns} 0-1

[Event "ICS rated blitz match"]
[Site "207.99.83.229"]
[Date "1999.07.11"]
[Round "?"]
[White "Hossa"]
[Black "Ilias"]
[Result "0-1"]
[WhiteElo "2412"]
[BlackElo "2322"]
[PlyCount "118"]

1. e4 e5 2. Nf3 Nc6 3. Bb5 a6 4. Ba4 Nf6 5. O-O Be7 6. Re1 b5 7. Bb3 O-O 8. c3
d5 9. exd5 Nxd5 10. Nxe5 Nxe5 11. Rxe5 c6 12. d4 Bd6 13. Re1 Qh4 14. g3 Qh3 15.
Be3 Bg4 16. Qd3 Rae8 17. Nd2 Re6 18. a4 f5 19. axb5 f4 20. Bxf4 Nxf4 21. Qf1
Qh6 22. gxf4 Bxf4 23. Qg2 Kh8 24. Bxe6 Bxe6 25. Rxa6 Bxd2 26. Re2 Bd5 27. Rxc6
Qh5 28. f3 Bxf3 29. Rc5 Bxe2 30. Rxh5 Be3+ 31. Kh1 Bxh5 32. b4 Bf3 33. b6 Bxg2+
34. Kxg2 Bd2 35. c4 Bxb4 36. c5 Bc3 37. d5 Bd4 38. c6 Bxb6 39. d6 Bc5 40. d7
Bb6 41. h4 Rf6 42. h5 Rxc6 43. Kg3 Rd6 44. Kf4 Rxd7 45. Ke5 g6 46. Ke6 Rd1 47.
hxg6 hxg6 48. Kf6 Rd6+ 49. Ke5 Bc7 50. Ke4 Kg7 51. Ke3 Kf6 52. Kf3 Kf5 53. Ke2
Bb6 54. Kf3 Rd4 55. Ke3 Ke5 56. Kf3 Rd3+ 57. Ke2 Ke4 58. Ke1 Kf3 59. Kf1 59...
Rd1# {Hossa checkmated} 0-1

[Event "ICS rated blitz match"]
[Site "207.99.83.229"]
[Date "1999.07.11"]
[Round "?"]
[White "Hossa"]
[Black "Ilias"]
[Result "1-0"]
[WhiteElo "2396"]
[BlackElo "2328"]
[PlyCount "57"]

1. e4 e5 2. Nf3 Nc6 3. Bb5 a6 4. Ba4 Nf6 5. O-O Be7 6. Nc3 b5 7. Bb3 d6 8. d3
O-O 9. h3 Na5 10. Ng5 Nxb3 11. axb3 h6 12. Nf3 Bb7 13. Bd2 c5 14. Qc1 Qc7 15.
Bxh6 gxh6 16. Qxh6 Nh7 17. Ra2 Qd7 18. Qh5 Qe6 19. Ne1 Qg6 20. Qf3 Ng5 21. Qe3
Kg7 22. f4 exf4 23. Rxf4 Bf6 24. Ne2 Rh8 25. Rg4 Bc8 26. Rg3 Rxh3 27. gxh3
Nxh3+ 28. Kg2 Ng5 29. Nf3 {Ilias resigns} 1-0

[Event "ICS rated blitz match"]
[Site "207.99.83.229"]
[Date "1999.07.11"]
[Round "?"]
[White "Hossa"]
[Black "Ilias"]
[Result "0-1"]
[WhiteElo "2409"]
[BlackElo "2308"]
[PlyCount "101"]

1. e4 e5 2. Nf3 Nc6 3. Bb5 a6 4. Ba4 Nf6 5. O-O Be7 6. Nc3 b5 7. Bb3 d6 8. d3
O-O 9. h3 Na5 10. Ng5 h6 11. Bxf7+ Rxf7 12. Nxf7 Kxf7 13. f4 Kg8 14. fxe5 dxe5
15. Qf3 Nc6 16. Qg3 Kh7 17. Be3 Nd4 18. Rf2 Qd6 19. Raf1 c6 20. Bxd4 Qxd4 21.
Nd1 Be6 22. c3 Qd6 23. Rf3 Nh5 24. Qf2 Nf4 25. d4 g5 26. a4 c5 27. d5 Bf7 28.
b3 Bh5 29. g4 Bg6 30. Qe3 c4 31. bxc4 bxc4 32. Nb2 Qc7 33. Kh1 Rb8 34. Nd1 Bc5
35. Qe1 Rb1 36. h4 Qd7 37. h5 Qxg4 38. hxg6+ Kxg6 39. R3f2 Bxf2 40. Qxf2 Rxd1
41. Qb6+ Kh5 42. Qf2 Qh3+ 43. Kg1 Rxf1+ 44. Qxf1 Qg3+ 45. Kh1 Nh3 46. Qg2 Nf2+
47. Kg1 Qxg2+ 48. Kxg2 Nxe4 49. Kf3 Nd6 50. Kg3 Kg6 51. Kf3 {Hossa resigns} 0-1

[Event "ICS rated blitz match"]
[Site "207.99.83.229"]
[Date "1999.07.11"]
[Round "?"]
[White "joejan"]
[Black "Hossa"]
[Result "0-1"]
[WhiteElo "2425"]
[BlackElo "2405"]
[PlyCount "82"]

1. e4 e5 2. d4 exd4 3. Qxd4 Nc6 4. Qe3 Nf6 5. Nc3 Bb4 6. Bd2 O-O 7. O-O-O Re8
8. f3 d6 9. g4 d5 10. Qf2 dxe4 11. Bg5 e3 12. Qh4 Nd4 13. Nge2 Bxc3 14. bxc3
Nxe2+ 15. Bxe2 Qe7 16. Bxf6 Qxf6 17. Qxf6 gxf6 18. Bd3 Be6 19. a3 Rad8 20. Be4
Rxd1+ 21. Kxd1 Bxg4 22. Rg1 Rxe4 23. Ke2 f5 24. h3 Ra4 25. hxg4 f4 26. Rb1 b6
27. Rb3 c5 28. Rb1 Rxa3 29. Kd3 Kg7 30. Rh1 Kg6 31. Rh5 Ra1 32. Rf5 Rd1+ 33.
Ke2 Rd2+ 34. Ke1 Rxc2 35. Rxf4 Rxc3 36. Ke2 b5 37. Rf5 a5 38. Rd5 a4 39. f4 b4
40. Rd8 Kg7 41. Ra8 41... b3 {joejan resigns} 0-1

[Event "ICS rated blitz match"]
[Site "207.99.83.229"]
[Date "1999.07.11"]
[Round "?"]
[White "Hossa"]
[Black "joejan"]
[Result "0-1"]
[WhiteElo "2422"]
[BlackElo "2386"]
[PlyCount "41"]

1. e4 c5 2. Nf3 d6 3. d4 cxd4 4. Nxd4 Nf6 5. Nc3 a6 6. Bc4 e6 7. O-O b5 8. Bd3
Bb7 9. Qf3 Be7 10. Qg3 O-O 11. Bh6 Ne8 12. Rad1 Nd7 13. f4 Qb6 14. Nce2 e5 15.
Qg4 Ndf6 16. Qf5 exd4 17. Bg5 Bc8 18. Bxf6 Bxf5 19. Bxe7 Bg4 20. Rde1 Bxe2 21.
Rxe2 {Hossa resigns} 0-1

[Event "ICS rated blitz match"]
[Site "207.99.83.229"]
[Date "1999.07.11"]
[Round "?"]
[White "Hossa"]
[Black "matar"]
[Result "1/2-1/2"]
[WhiteElo "2404"]
[BlackElo "2319"]
[PlyCount "109"]

1. e4 c5 2. Nf3 e6 3. d4 cxd4 4. Nxd4 a6 5. Nc3 Qc7 6. Bd3 Nc6 7. Be3 Nf6 8.
O-O Ne5 9. h3 Bc5 10. Kh1 d6 11. f4 Ng6 12. f5 Ne5 13. fxe6 fxe6 14. Rc1 b5 15.
Bxb5+ axb5 16. Ndxb5 Qb6 17. Bxc5 dxc5 18. Qd6 Qxd6 19. Nxd6+ Ke7 20. Nxc8+
Rhxc8 21. a4 Rd8 22. Rf2 Rd4 23. Re1 Rb8 24. b3 c4 25. Nb5 Rd7 26. b4 Ra8 27.
Nc3 Rd4 28. a5 h5 29. Kg1 h4 30. Rf4 g5 31. Rf2 g4 32. hxg4 Nfxg4 33. Rf4 Rh8
34. Rd1 Rxd1+ 35. Nxd1 h3 36. gxh3 Rxh3 37. a6 Rg3+ 38. Kf1 Ra3 39. b5 Kd6 40.
Rf8 Kc5 41. Re8 Kxb5 42. Rxe6 Rxa6 43. Rxa6 Kxa6 44. Kg2 Nf6 45. Kg3 Kb5 46.
Kf4 Nfd7 47. Ne3 Kb4 48. Nd5+ Kc5 49. c3 Nc6 50. Nc7 Nde5 51. Kf5 Kd6 52. Nb5+
Kc5 53. Nc7 Nd3 54. Nd5 Nde5 55. Nc7 {Game drawn by repetition} 1/2-1/2

[Event "ICS rated blitz match"]
[Site "207.99.83.229"]
[Date "1999.07.11"]
[Round "?"]
[White "nimraz"]
[Black "Hossa"]
[Result "0-1"]
[WhiteElo "2211"]
[BlackElo "2400"]
[PlyCount "84"]

1. g3 c5 2. Bg2 d5 3. e3 Nf6 4. b3 e5 5. Bb2 Nc6 6. Nf3 Bd6 7. c4 dxc4 8. bxc4
O-O 9. d3 Qb6 10. Qe2 e4 11. dxe4 Nxe4 12. O-O Be6 13. Nc3 Nxc3 14. Bxc3 Qa6
15. Nd2 Rad8 16. a4 Ne5 17. Rfb1 Rd7 18. Rb5 Rfd8 19. a5 Bxc4 20. Nxc4 Qxb5 21.
Bf1 Qxc4 22. Qxc4 Nxc4 23. Bxc4 Be7 24. Kg2 Bf6 25. Bxf6 gxf6 26. Rb1 f5 27.
Kf3 Kg7 28. Kf4 Kf6 29. f3 b6 30. axb6 Rb7 31. e4 fxe4 32. fxe4 axb6 33. e5+
Kg6 34. Ba6 Rbb8 35. Rb3 Rd4+ 36. Ke3 h6 37. Bd3+ Kg5 38. Be4 Re8 39. Kf3 Rxe5
40. h4+ Kh5 41. g4+ Kxh4 42. Bf5 42... h5 {nimraz resigns} 0-1

[Event "ICS rated blitz match"]
[Site "207.99.83.229"]
[Date "1999.07.11"]
[Round "?"]
[White "MiddleHead"]
[Black "Hossa"]
[Result "0-1"]
[WhiteElo "2224"]
[BlackElo "2408"]
[PlyCount "56"]

1. e4 e5 2. Nf3 Nc6 3. d4 exd4 4. Nxd4 Nf6 5. Nxc6 bxc6 6. e5 Qe7 7. Qe2 Nd5 8.
c4 Ba6 9. Nd2 Nf4 10. Qe4 Ng6 11. f4 Rd8 12. g3 Bb7 13. Bg2 d5 14. exd6 Qxe4+
15. Nxe4 cxd6 16. O-O d5 17. cxd5 cxd5 18. Nc3 Bc5+ 19. Kh1 Ne7 20. Bd2 O-O 21.
a3 Rfe8 22. b4 Bd4 23. Rae1 Ba6 24. b5 Bxc3 25. Bxc3 Bxb5 26. Rf2 d4 27. Ba5
Nc6 28. Rd1 28... Nxa5 {MiddleHead resigns} 0-1

[Event "ICS rated blitz match"]
[Site "207.99.83.229"]
[Date "1999.07.11"]
[Round "?"]
[White "Hossa"]
[Black "matar"]
[Result "1-0"]
[WhiteElo "2421"]
[BlackElo "2310"]
[PlyCount "137"]

1. e4 c5 2. Nf3 e6 3. d4 cxd4 4. Nxd4 a6 5. Bd3 Nc6 6. Nxc6 dxc6 7. Nd2 Qc7 8.
Nc4 e5 9. Bd2 b5 10. Ba5 Qb8 11. Nb6 Ra7 12. Nxc8 Qxc8 13. Qf3 Nf6 14. O-O-O
Rd7 15. Qg3 c5 16. Qxe5+ Be7 17. Be2 O-O 18. Rxd7 Qxd7 19. Rd1 Qb7 20. Bf3 h6
21. Qf5 Nh7 22. Rd7 Bg5+ 23. Kb1 Qc6 24. e5 Qe6 25. Qxe6 fxe6 26. Bb6 Bf4 27.
Bg4 Bxe5 28. Bxe6+ Kh8 29. Bxc5 Re8 30. Re7 Rxe7 31. Bxe7 Bxh2 32. Bc8 a5 33.
Bd8 Bg1 34. Bxa5 Bxf2 35. Bd7 Nf6 36. Bxb5 Kg8 37. Bd8 Kf7 38. Bxf6 Kxf6 39. c3
g5 40. b3 h5 41. a3 g4 42. Bd7 Kg5 43. Kc2 h4 44. Kd3 Kf4 45. Ke2 Kg3 46. Bxg4
Kxg2 47. Bh3+ Kg3 48. b4 Ba7 49. Be6 h3 50. Bd5 Kf4 51. a4 Ke5 52. c4 Kd4 53.
a5 h2 54. b5 Kc5 55. b6 Bxb6 56. axb6 Kxb6 57. Kf2 Kc5 58. Kg2 h1=Q+ 59. Kxh1
Kd4 60. Kh2 Ke5 61. Kg3 Kd4 62. Kf4 Kc5 63. Ke5 Kb6 64. Kd6 Ka7 65. c5 Kb8 66.
c6 Kc8 67. Bc4 Kd8 68. c7+ Ke8 69. c8=Q# {matar checkmated} 1-0

[Event "ICS Rated blitz match"]
[Site "207.99.83.229"]
[Date "1999.07.11"]
[Round "?"]
[White "Ilias"]
[Black "Hossa"]
[Result "0-1"]
[WhiteElo "2310"]
[BlackElo "2432"]
[PlyCount "130"]

1. e4 e5 2. Nf3 Nc6 3. Bb5 a6 4. Ba4 Nf6 5. O-O Be7 6. Re1 b5 7. Bb3 O-O 8. c3
d5 9. exd5 Nxd5 10. Nxe5 Nxe5 11. Rxe5 c6 12. d4 Bd6 13. Re1 Qh4 14. g3 Qh3 15.
Be3 Bg4 16. Qd3 Rae8 17. Nd2 Re6 18. a4 f5 19. Qf1 Rfe8 20. Qxh3 Bxh3 21. axb5
axb5 22. Ra6 f4 23. Rxc6 fxe3 24. fxe3 Bxg3 25. hxg3 Rxc6 26. Bxd5+ Rce6 27.
Nf3 Kh8 28. Bxe6 Bxe6 29. e4 Rf8 30. Kg2 Kg8 31. d5 Bf7 32. Ng5 Bg6 33. e5 Bf5
34. Ne4 Bg4 35. Re3 Rd8 36. Nd6 Bd1 37. Kf2 Bc2 38. Ke1 h5 39. Re2 Ba4 40. Rd2
Bb3 41. Ke2 g5 42. Ke3 h4 43. gxh4 gxh4 44. Kd4 Rf8 45. e6 Rf4+ 46. Ke5 Rf1 47.
Re2 Kf8 48. Nf5 Bc4 49. Rd2 h3 50. e7+ Kf7 51. d6 Re1+ 52. Kf4 Be6 53. Ng7 Bd7
54. Nh5 Ke6 55. Kg3 Ke5 56. Nf4 Re3+ 57. Kf2 Kxf4 58. Rd4+ Re4 59. Rd5 Re6 60.
Rh5 Rf6 61. Rxh3 Kg4+ 62. Kg2 Bc6+ 63. Kg1 Kxh3 64. d7 Bg2 65. e8=Q 65... Rf1#
{Ilias checkmated} 0-1